[Event "HEM A-Turnier"]
[Site "Frankfurt-Zeilsheim"]
[Date "2018.??.??"]
[Round "6.14"]
[White "Scallan, Fiachra"]
[Black "Kuerschner, Matthias"]
[Result "1-0"]
[WhiteElo "1949"]
[BlackElo "2021"]
[PlyCount "143"]
[EventDate "2018.??.??"]
[EventType "swiss"]
[EventRounds "7"]
[EventCountry "GER"]
[BlackTeam "SK Langen"]

1. e4 c5 2. Nf3 Nc6 3. d4 cxd4 4. Nxd4 g6 5. Nc3 Bg7 6. Be3 Nf6 7. Bc4 Qa5 8.
O-O d6 9. f3 O-O 10. Bb3 Qc7 11. Qd2 a6 12. Rad1 Re8 13. Rfe1 Na5 14. Bh6 Nxb3
15. cxb3 Bh8 16. Rc1 Qa5 17. a3 Bd7 18. b4 Qd8 19. Bg5 Rc8 20. Nc2 Be6 21. Ne3
b5 22. Ncd5 Nxd5 23. Rxc8 Bxc8 24. Nxd5 Be6 25. Rc1 Bxd5 26. exd5 Qb6+ 27. Be3
Qb7 28. Rc6 e6 29. Rxd6 exd5 30. Bc5 d4 31. Bxd4 Bxd4+ 32. Rxd4 Qb6 33. Kf1 Qe6
34. Re4 Qc6 35. Qc3 Qd7 36. Qd4 Qxd4 37. Rxd4 Re6 38. Kf2 h5 39. b3 Kg7 40. a4
Kf6 41. Rd5 Rb6 42. axb5 Rxb5 43. Rd4 Ke5 44. Ke3 a5 45. bxa5 Rxa5 46. Rd2 Rb5
47. Rb2 Rb4 48. Kd3 Kd5 49. Kc3 Kc5 50. Re2 Rb7 51. Re5+ Kd6 52. Re4 Kd5 53.
Rd4+ Kc5 54. b4+ Kc6 55. Kc4 Rc7 56. g4 Kb6+ 57. Kd3 hxg4 58. fxg4 Kb5 59. h4
Rc1 60. Rf4 Rc7 61. h5 gxh5 62. gxh5 f5 63. h6 Rh7 64. Rxf5+ Kxb4 65. Rh5 Rd7+
66. Ke4 Rh7 67. Kf5 Rc7 68. h7 Rc5+ 69. Kg6 Rc6+ 70. Kg7 Rc7+ 71. Kf6 Rc6+ 72.
Ke7 1-0

[Event "HEM A-Turnier"]
[Site "Frankfurt-Zeilsheim"]
[Date "2018.??.??"]
[Round "6.15"]
[White "Wolff, Peter"]
[Black "Keuth, Gerd Erich"]
[Result "0-1"]
[WhiteElo "1917"]
[BlackElo "1999"]
[PlyCount "166"]
[EventDate "2018.??.??"]
[EventType "swiss"]
[EventRounds "7"]
[EventCountry "GER"]
[WhiteTeam "VSG Offenbach"]
[BlackTeam "SK Herborn"]

1. c4 e5 2. g3 Nf6 3. Bg2 Nc6 4. Nc3 Bc5 5. e3 a6 6. Nge2 Qe7 7. O-O O-O 8. a3
d6 9. h3 Re8 10. d4 Ba7 11. b4 Bf5 12. d5 Nb8 13. e4 Bg6 14. g4 Rf8 15. Qd3 Ne8
16. Be3 Nd7 17. Ng3 a5 18. Rfb1 Bxe3 19. Qxe3 b6 20. b5 Nc5 21. Nce2 Nf6 22.
Nc1 a4 23. Rb4 h6 24. f3 Nfd7 25. Bf1 Qh4 26. Qf2 Qg5 27. Rb2 h5 28. Bg2 Nf6
29. Rab1 Kh7 30. Nf5 Bxf5 31. gxf5 h4 32. Qd2 Qg3 33. Qf2 Qf4 34. Qd2 Nh5 35.
Ne2 Qxd2 36. Rxd2 g6 37. fxg6+ fxg6 38. Rf1 Rf7 39. Rdd1 Raf8 40. Kh2 Nf4 41.
Nxf4 Rxf4 42. Rfe1 Nb3 43. Rd3 Nd4 44. Ree3 Kg7 45. Kg1 Rh8 46. Rd2 Rh5 47. Kh2
Rg5 48. Rf2 Rg3 49. Kh1 Nb3 50. Kh2 Nc5 51. Rfe2 Nd7 52. Rb2 Nc5 53. Rbe2 Kh6
54. Kh1 Kg5 55. Kh2 Rf8 56. Bh1 Kf4 57. Rc3 Rh8 58. Bg2 Rh5 59. Rf2 Rhg5 60.
Re2 Nb3 61. Rb2 Nd4 62. Rf2 Rh5 63. Kh1 Rh8 64. Kh2 Rf8 65. Bh1 Kg5 66. Re3 Nb3
67. Bg2 Nc5 68. Rfe2 Nd7 69. Rb2 Nf6 70. Rf2 Nh5 71. Ree2 Nf4 72. Rd2 Nxg2 73.
Rxg2 Rfxf3 74. Ra2 Kf4 75. Rge2 Rxh3+ 76. Kg2 g5 77. Rac2 Rfg3+ 78. Kf1 Rh1+
79. Kf2 Rh2+ 80. Kf1 Rxe2 81. Rxe2 Rxa3 82. Rf2+ Rf3 83. Ke2 Rxf2+ 0-1

[Event "HEM A-Turnier"]
[Site "Frankfurt-Zeilsheim"]
[Date "2018.??.??"]
[Round "6.16"]
[White "Hemmerich, Luca"]
[Black "Thomas, Norbert"]
[Result "1/2-1/2"]
[WhiteElo "1896"]
[BlackElo "2017"]
[PlyCount "177"]
[EventDate "2018.??.??"]
[EventType "swiss"]
[EventRounds "7"]
[EventCountry "GER"]
[WhiteTeam "SC Tornado Wuppertal"]
[BlackTeam "SC Frankfurt-West"]

1. d4 d6 2. c4 e5 3. dxe5 dxe5 4. Qxd8+ Kxd8 5. Nc3 c6 6. Nf3 f6 7. b3 Be6 8.
Bb2 Nd7 9. e3 Nh6 10. Be2 Kc7 11. h3 a5 12. O-O Nf7 13. Nd2 Bc5 14. Rfd1 f5 15.
Na4 Bd6 16. Rac1 b6 17. Rc2 Rhd8 18. Nf3 g6 19. Rcd2 Bb4 20. Rc2 Be7 21. Bf1 h6
22. g3 g5 23. Bg2 h5 24. Nc3 Nc5 25. Rcd2 g4 26. Rxd8 Rxd8 27. Rxd8 Kxd8 28.
Nd2 Nd3 29. Ba1 Kc7 30. hxg4 hxg4 31. Bf1 Nb4 32. Bg2 Bd6 33. Kf1 e4 34. a4 Ne5
35. Ne2 Ned3 36. Nf4 Bxf4 37. exf4 Nc2 38. Bg7 Nc1 39. Kg1 Kd6 40. Bf8+ Kc7 41.
Bg7 Ne1 42. Kf1 Ned3 43. Bf8 b5 44. cxb5 cxb5 45. axb5 Nxb3 46. Nxb3 Bxb3 47.
Ke2 Bc4 48. Ke3 Bxb5 49. Bf1 Kc6 50. Bxd3 exd3 51. Kd2 Kd5 52. Kc3 Ke4 53. Bc5
Kf3 54. Kd2 a4 55. Ke1 Bc4 56. Bb4 Bb3 57. Bc5 Ke4 58. Kd2 Kd5 59. Bf8 Kc4 60.
Be7 Bc2 61. Bf8 Kb3 62. Kc1 a3 63. Be7 Kc3 64. Bf6+ Kc4 65. Kd2 Ba4 66. Bg7 Bc6
67. Bf6 Bf3 68. Bg7 Be2 69. Bf6 Kb3 70. Kc1 Bf3 71. Bg7 Be4 72. Bf6 Ka2 73. Bc3
Kb3 74. Bf6 Kc4 75. Kd2 Kb3 76. Kc1 Bd5 77. Bg7 Kc4 78. Kd2 Bc6 79. Bf6 Bb5 80.
Bg7 Kd5 81. Ke3 a2 82. Bf6 Kc4 83. Kd2 Kd5 84. Ke3 Bc4 85. Bg7 Kc5 86. Kd2 Bb5
87. Bf6 Kc4 88. Bg7 Kb3 89. Bf6 1/2-1/2

[Event "HEM A-Turnier"]
[Site "Frankfurt-Zeilsheim"]
[Date "2018.??.??"]
[Round "6.17"]
[White "Kempf, Alexander"]
[Black "Bethke, Robert"]
[Result "1/2-1/2"]
[WhiteElo "1862"]
[BlackElo "1894"]
[PlyCount "40"]
[EventDate "2018.??.??"]
[EventType "swiss"]
[EventRounds "7"]
[EventCountry "GER"]
[WhiteTeam "1. Hainstadter SC"]
[BlackTeam "SF Neuberg"]

1. d4 d5 2. Bf4 Nf6 3. e3 e6 4. Nd2 Bd6 5. Bg3 b6 6. f4 Bb7 7. Bd3 c5 8. c4 Nc6
9. Ngf3 O-O 10. Ne5 Ne7 11. Bh4 Ng6 12. Bxf6 gxf6 13. Ng4 f5 14. Nf2 cxd4 15.
exd4 Kh8 16. h4 Rg8 17. Qf3 Rc8 18. Ke2 Rc7 19. g4 fxg4 20. Nxg4 f5 1/2-1/2

[Event "HEM A-Turnier"]
[Site "Frankfurt-Zeilsheim"]
[Date "2018.??.??"]
[Round "6.18"]
[White "Bajorski, Leszek"]
[Black "Blaschke, Henri Johannes"]
[Result "1-0"]
[WhiteElo "1970"]
[BlackElo "1814"]
[PlyCount "71"]
[EventDate "2018.??.??"]
[EventType "swiss"]
[EventRounds "7"]
[EventCountry "GER"]
[WhiteTeam "SV Hofheim"]
[BlackTeam "SK Vellmar"]

1. e4 e5 2. Nf3 Nc6 3. Bc4 Bc5 4. c3 Nf6 5. d3 a6 6. Bb3 Ba7 7. Nbd2 d6 8. Nf1
O-O 9. Bg5 h6 10. Bh4 Be6 11. Bc2 d5 12. Qe2 Re8 13. h3 b5 14. Ne3 Bxe3 15.
fxe3 dxe4 16. dxe4 Bc4 17. Qf2 Qe7 18. b3 Be6 19. O-O Rad8 20. Ne1 Qc5 21. Bxf6
gxf6 22. Nd3 Qxc3 23. Rad1 Kh7 24. Bb1 Nb4 25. Nxb4 Qxb4 26. Qxf6 Rxd1 27. Rxd1
Rg8 28. Qxe5 Bxh3 29. Kh2 Rg5 30. Qf6 Bxg2 31. Qxf7+ Rg7 32. Qf5+ Kh8 33. Rd8+
Rg8 34. Qf6+ Kh7 35. Rd7+ Rg7 36. Qxg7# 1-0

[Event "HEM A-Turnier"]
[Site "Frankfurt-Zeilsheim"]
[Date "2018.??.??"]
[Round "6.19"]
[White "Schmitt, Carsten"]
[Black "Haack, Kevin"]
[Result "1/2-1/2"]
[WhiteElo "1957"]
[BlackElo "1846"]
[PlyCount "39"]
[EventDate "2018.??.??"]
[EventType "swiss"]
[EventRounds "7"]
[EventCountry "GER"]
[WhiteTeam "SV Bergwinkel"]
[BlackTeam "SC Bad Soden"]

1. c4 e6 2. g3 d5 3. Bg2 Nf6 4. Nf3 Be7 5. O-O O-O 6. b3 c5 7. e3 Nc6 8. Qe2
Qc7 9. Bb2 Rd8 10. d4 b6 11. Rd1 Bb7 12. Nc3 a6 13. Rac1 Rac8 14. Ne5 cxd4 15.
Nxc6 dxc3 16. Nxe7+ Qxe7 17. Bxc3 dxc4 18. Rxd8+ Rxd8 19. Bxb7 Qxb7 20. Bxf6
1/2-1/2

[Event "HEM A-Turnier"]
[Site "Frankfurt-Zeilsheim"]
[Date "2018.??.??"]
[Round "6.20"]
[White "Ochs, Daniel Elias"]
[Black "Reinecke, Katharina"]
[Result "1/2-1/2"]
[WhiteElo "1633"]
[BlackElo "1905"]
[PlyCount "93"]
[EventDate "2018.??.??"]
[EventType "swiss"]
[EventRounds "7"]
[EventCountry "GER"]
[WhiteTeam "Wiesbadener SV"]
[BlackTeam "SK Langen"]

1. d4 d5 2. c4 c6 3. Nf3 Nf6 4. e3 e6 5. Be2 dxc4 6. Bxc4 Be7 7. O-O O-O 8. Nc3
b5 9. Be2 a6 10. b3 Bb7 11. Bb2 Nbd7 12. Rc1 c5 13. Qc2 Rc8 14. Qb1 Qb6 15.
Rfd1 Rfd8 16. Bf1 Bxf3 17. gxf3 cxd4 18. Rxd4 Bc5 19. Rdd1 Ne5 20. Bg2 Ng6 21.
Ne4 Be7 22. Nxf6+ Bxf6 23. Bxf6 gxf6 24. f4 Rxd1+ 25. Rxd1 Nh4 26. Qe4 Qc7 27.
Qd4 Nxg2 28. Kxg2 Qb7+ 29. f3 Rc2+ 30. Rd2 Rxd2+ 31. Qxd2 Qc7 32. Kf2 Kg7 33.
Qb2 Qd6 34. Qc2 e5 35. fxe5 fxe5 36. Qc3 f6 37. Qc2 Qd7 38. Kg2 Qd6 39. e4 Kf7
40. a4 b4 41. Qc4+ Kg7 42. Kg3 a5 43. Qb5 Qc7 44. Qd5 Qa7 45. Kg2 Qc7 46. Kg3
Kf8 47. Qe6 1/2-1/2

[Event "HEM A-Turnier"]
[Site "Frankfurt-Zeilsheim"]
[Date "2018.??.??"]
[Round "6.21"]
[White "Weil, Michael"]
[Black "Feicht, Arno"]
[Result "0-1"]
[WhiteElo "1957"]
[BlackElo "1929"]
[PlyCount "48"]
[EventDate "2018.??.??"]
[EventType "swiss"]
[EventRounds "7"]
[EventCountry "GER"]
[WhiteTeam "SC Steinbach"]
[BlackTeam "SV Alsfeld"]

1. d4 f5 2. h3 Nf6 3. g4 d5 4. Qd3 g6 5. Nf3 Qd6 6. Ne5 Nc6 7. Nxc6 bxc6 8. g5
Ne4 9. Nc3 Bg7 10. h4 e5 11. dxe5 Bxe5 12. e3 a5 13. Nxe4 fxe4 14. Qd2 O-O 15.
Bg2 Bg3 16. O-O Bxh4 17. b3 Bxg5 18. Bb2 Bf6 19. c4 Bg4 20. Rac1 Bf3 21. Bh3
Bxb2 22. Qxb2 Rf5 23. Bxf5 gxf5 24. Rfd1 Qh6 0-1

[Event "HEM A-Turnier"]
[Site "Frankfurt-Zeilsheim"]
[Date "2018.??.??"]
[Round "6.22"]
[White "Froehlich Dill, Astrid"]
[Black "Philipp, Jan"]
[Result "0-1"]
[WhiteElo "1866"]
[BlackElo "1787"]
[PlyCount "116"]
[EventDate "2018.??.??"]
[EventType "swiss"]
[EventRounds "7"]
[EventCountry "GER"]
[WhiteTeam "SV Hofheim"]
[BlackTeam "SC Frankfurt-West"]

1. d4 d5 2. Nf3 Bf5 3. Bf4 e6 4. e3 a6 5. c4 dxc4 6. Bxc4 Bd6 7. Bg5 Ne7 8. Nc3
c6 9. e4 Bg4 10. a3 Qb6 11. Na4 Qa5+ 12. Bd2 Qc7 13. Be2 Ng6 14. e5 Be7 15. O-O
Nd7 16. b4 Rd8 17. Qb3 Ndxe5 18. Nxe5 Bxe2 19. Rfe1 Bb5 20. Nxf7 Kxf7 21. Qxe6+
Ke8 22. Nc5 Rd5 23. Ne4 Qd7 24. Nc5 Qxe6 25. Nxe6 Kf7 26. Bc3 Bf6 27. Nc7 Rd6
28. Nxb5 axb5 29. Re4 Re8 30. Rae1 Rxe4 31. Rxe4 Re6 32. f3 Rxe4 33. fxe4 Bg5
34. Bb2 Be3+ 35. Kf1 Nf4 36. g3 Ne6 37. d5 cxd5 38. exd5 Nc7 39. d6 Ne6 40. Ke2
Bg1 41. h4 Bd4 42. Bc1 Be5 43. g4 Bxd6 44. Kd3 Nc7 45. Ke4 g6 46. Bb2 Ke6 47.
Bc1 Nd5 48. Bd2 Be5 49. Bc1 Nb6 50. h5 Nc4 51. hxg6 hxg6 52. g5 Bb2 53. Bxb2
Nxb2 54. Kd4 Nc4 55. a4 bxa4 56. Kxc4 b5+ 57. Kxb5 a3 58. Kc6 a2 0-1

[Event "HEM A-Turnier"]
[Site "Frankfurt-Zeilsheim"]
[Date "2018.??.??"]
[Round "6.23"]
[White "Vega Lopez de Nava, Cesar Octavi"]
[Black "Ullmann, Ralf"]
[Result "1-0"]
[WhiteElo "1949"]
[BlackElo "1910"]
[PlyCount "71"]
[EventDate "2018.??.??"]
[EventType "swiss"]
[EventRounds "7"]
[EventCountry "GER"]
[WhiteTeam "SC Flörsheim"]
[BlackTeam "SC Eschwege"]

1. e4 c5 2. Nf3 e6 3. d3 g6 4. g3 Bg7 5. Bg2 Nc6 6. c3 Nf6 7. O-O O-O 8. Re1 d6
9. Nbd2 Qc7 10. Nf1 Rb8 11. h4 e5 12. Bg5 Be6 13. Qd2 b5 14. Bh6 b4 15. Bxg7
Kxg7 16. d4 Bc8 17. dxc5 dxc5 18. cxb4 Rd8 19. Qe3 Nd4 20. Rac1 Rxb4 21. Qc3
Qb8 22. b3 Rb5 23. N1d2 Be6 24. Bf1 Rb6 25. Qxc5 Rbd6 26. Qxe5 Nc6 27. Qb2 Rxd2
28. Nxd2 Ne5 29. Be2 Kg8 30. Rc5 Ned7 31. Rcc1 Ne5 32. Kg2 Nfg4 33. Nf3 Qb6 34.
Bf1 Nd3 35. Bxd3 Rxd3 36. Ng5 1-0

[Event "HEM A-Turnier"]
[Site "Frankfurt-Zeilsheim"]
[Date "2018.??.??"]
[Round "7.1"]
[White "Flach, Erich"]
[Black "Meyer, Kai Christian"]
[Result "0-1"]
[WhiteElo "2127"]
[BlackElo "2203"]
[PlyCount "95"]
[EventDate "2018.??.??"]
[EventType "swiss"]
[EventRounds "7"]
[EventCountry "GER"]
[WhiteTeam "SK Langen"]
[BlackTeam "SF Schöneck"]

1. c4 g6 2. Nc3 Bg7 3. d4 Nf6 4. e4 d6 5. Nf3 O-O 6. Be2 Nbd7 7. O-O e5 8. Qc2
exd4 9. Nxd4 Nc5 10. Rd1 Re8 11. f3 Nfd7 12. Bf1 Ne6 13. Be3 Nxd4 14. Bxd4
Bxd4+ 15. Rxd4 Nc5 16. Rad1 a5 17. Qf2 f5 18. Rd5 Qf6 19. exf5 Bxf5 20. R5d2
Be6 21. Nb5 Re7 22. Qd4 Qxd4+ 23. Rxd4 Rae8 24. Kf2 Na6 25. Nc3 Kf7 26. Re1 Nb4
27. Rd2 h6 28. g3 b6 29. Re3 Nc6 30. f4 Nb4 31. Be2 Na6 32. Bf1 Nc5 33. h3 h5
34. Nb5 Bd7 35. Rxe7+ Rxe7 36. Nc3 Ne4+ 37. Nxe4 Rxe4 38. Kf3 Re1 39. Kf2 Ra1
40. a3 Kf6 41. Re2 Rc1 42. Rd2 Be6 43. Bg2 Rxc4 44. Ke3 Rc5 45. Kf3 Rb5 46. g4
Rb3+ 47. Ke4 d5+ 48. Kd4 0-1

[Event "HEM A-Turnier"]
[Site "Frankfurt-Zeilsheim"]
[Date "2018.??.??"]
[Round "7.2"]
[White "Leidorf, Sebastian"]
[Black "Chandler, Patrick"]
[Result "1/2-1/2"]
[WhiteElo "2100"]
[BlackElo "2143"]
[PlyCount "100"]
[EventDate "2018.??.??"]
[EventType "swiss"]
[EventRounds "7"]
[EventCountry "GER"]
[WhiteTeam "SV Bergwinkel"]
[BlackTeam "SC Nied"]

1. c4 e5 2. g3 Nc6 3. Bg2 Bc5 4. Nc3 a5 5. e3 d6 6. Nge2 Nge7 7. d4 Ba7 8. d5
Nb4 9. a3 Na6 10. b4 O-O 11. Rb1 axb4 12. axb4 Bf5 13. e4 Bd7 14. Qd3 f5 15.
O-O Ng6 16. exf5 Bxf5 17. Be4 Bh3 18. Bg2 Qd7 19. Ne4 Bxg2 20. Kxg2 Qg4 21. Bg5
h6 22. f3 Qf5 23. Be3 Bxe3 24. Qxe3 Ne7 25. b5 Nc5 26. Ra1 b6 27. Nxc5 bxc5 28.
Qe4 Qxe4 29. fxe4 Rxa1 30. Rxa1 Nc8 31. Ra8 Nb6 32. Rxf8+ Kxf8 33. Nc3 Nxc4 34.
Kf3 Na3 35. Kg4 Kf7 36. Kh5 Nc4 37. h4 Ne3 38. Ne2 Kf6 39. Nc3 Nf1 40. Ne2 Ne3
41. Nc3 Kf7 42. Ne2 Kg8 43. Kg6 Ng4 44. Kf5 Nf6 45. Ke6 Kf8 46. Nc3 Ke8 47. b6
cxb6 48. Kxd6 Nd7 49. Kc6 h5 50. Kd6 Kd8 1/2-1/2

[Event "HEM A-Turnier"]
[Site "Frankfurt-Zeilsheim"]
[Date "2018.??.??"]
[Round "7.3"]
[White "Finke, Kai"]
[Black "Wachsmann, Dietmar"]
[Result "1-0"]
[WhiteElo "2054"]
[BlackElo "2026"]
[PlyCount "79"]
[EventDate "2018.??.??"]
[EventType "swiss"]
[EventRounds "7"]
[EventCountry "GER"]
[WhiteTeam "SG Porz"]
[BlackTeam "SC Groß-Umstadt"]

1. d4 d5 2. c4 e6 3. Nc3 c6 4. Nf3 dxc4 5. a4 Bb4 6. Bd2 a5 7. e3 b5 8. axb5
Bxc3 9. Bxc3 cxb5 10. b3 Bb7 11. Bb2 Nf6 12. bxc4 b4 13. Bd3 Nbd7 14. O-O Qc7
15. c5 O-O 16. Bc2 Ne4 17. Nd2 Nxd2 18. Qxd2 e5 19. Rfc1 exd4 20. Qxd4 f6 21.
c6 Bxc6 22. Ba4 Nb8 23. Bxc6 Nxc6 24. Qd5+ Qf7 25. Qxc6 Rfb8 26. Bd4 Qb7 27.
Qxb7 Rxb7 28. Ra4 Kf7 29. Kf1 Ke6 30. Rc6+ Kd7 31. Rc5 b3 32. Bb2 Rc7 33. Rb5
Rc2 34. Rxb3 Ke6 35. Rb5 Rd8 36. Bd4 Rdc8 37. g3 Rd2 38. Rbxa5 Rcc2 39. e4 Kf7
40. Be3 1-0

[Event "HEM A-Turnier"]
[Site "Frankfurt-Zeilsheim"]
[Date "2018.??.??"]
[Round "7.4"]
[White "Will, Dominik"]
[Black "Rolf, Marco"]
[Result "1/2-1/2"]
[WhiteElo "2135"]
[BlackElo "2069"]
[PlyCount "71"]
[EventDate "2018.??.??"]
[EventType "swiss"]
[EventRounds "7"]
[EventCountry "GER"]
[WhiteTeam "SC Bad Nauheim"]
[BlackTeam "SK Gernsheim"]

1. e4 e6 2. Nf3 d5 3. e5 c5 4. b4 c4 5. b5 Ne7 6. d3 cxd3 7. Bxd3 Ng6 8. O-O
Nd7 9. Re1 Qc7 10. Bb2 Nc5 11. Bf1 Be7 12. g3 O-O 13. h4 f6 14. h5 Nxe5 15.
Nxe5 fxe5 16. Bxe5 Bd6 17. Bxd6 Qxd6 18. Bg2 Bd7 19. c4 d4 20. Nc3 Rf6 21. f4
d3 22. Ne4 Qd4+ 23. Kh1 Rh6 24. Nxc5 Qxc5 25. Re5 Qxc4 26. Rc1 Qd4 27. Bxb7 Rf8
28. Be4 Be8 29. Qxd3 Qb2 30. Qc3 Qxa2 31. Rg5 Bg6 32. Bf3 e5 33. Qxe5 Qf2 34.
Bd5+ Kh8 35. Re1 Rxh5+ 36. Rxh5 1/2-1/2

[Event "HEM A-Turnier"]
[Site "Frankfurt-Zeilsheim"]
[Date "2018.??.??"]
[Round "7.5"]
[White "Gries, Volker"]
[Black "Bajorski, Marius"]
[Result "1/2-1/2"]
[WhiteElo "2084"]
[BlackElo "1911"]
[PlyCount "33"]
[EventDate "2018.??.??"]
[EventType "swiss"]
[EventRounds "7"]
[EventCountry "GER"]
[WhiteTeam "SV Oberursel"]
[BlackTeam "SV Hofheim"]

1. Nf3 Nf6 2. g3 b5 3. Bg2 Bb7 4. O-O e6 5. d3 Be7 6. Nbd2 O-O 7. e4 d6 8. Qe2
Nbd7 9. b3 c5 10. Bb2 Qc7 11. c4 a6 12. Rac1 b4 13. d4 cxd4 14. Nxd4 Nc5 15. f4
Rfe8 16. g4 Nfd7 17. Nc2 1/2-1/2

[Event "HEM A-Turnier"]
[Site "Frankfurt-Zeilsheim"]
[Date "2018.??.??"]
[Round "7.6"]
[White "Waffenschmidt, Joachim"]
[Black "Syed, Tareq"]
[Result "1/2-1/2"]
[WhiteElo "1995"]
[BlackElo "2051"]
[PlyCount "22"]
[EventDate "2018.??.??"]
[EventType "swiss"]
[EventRounds "7"]
[EventCountry "GER"]
[WhiteTeam "SC Brett vorm Kopp"]
[BlackTeam "SC Brett vorm Kopp"]

1. d4 Nf6 2. c4 d6 3. Nc3 c6 4. e4 e5 5. Nf3 Nbd7 6. g3 Be7 7. Bg2 O-O 8. O-O
Re8 9. b3 Nf8 10. dxe5 dxe5 11. Qxd8 Bxd8 1/2-1/2

[Event "HEM A-Turnier"]
[Site "Frankfurt-Zeilsheim"]
[Date "2018.??.??"]
[Round "7.7"]
[White "Keuth, Gerd Erich"]
[Black "Muth, Andreas"]
[Result "1/2-1/2"]
[WhiteElo "1999"]
[BlackElo "2042"]
[PlyCount "50"]
[EventDate "2018.??.??"]
[EventType "swiss"]
[EventRounds "7"]
[EventCountry "GER"]
[WhiteTeam "SK Herborn"]
[BlackTeam "Sfr. Wieseck"]

1. c4 Nf6 2. Nc3 g6 3. g3 Bg7 4. Bg2 O-O 5. Nf3 d6 6. d4 Nc6 7. O-O a6 8. Re1
Rb8 9. h3 Bd7 10. e4 e5 11. dxe5 dxe5 12. Bg5 h6 13. Be3 b5 14. cxb5 axb5 15.
Bc5 Re8 16. Kh2 Bf8 17. Bxf8 Kxf8 18. Qd2 Kg7 19. Rad1 Re6 20. Qe3 Qc8 21. Rd2
Na5 22. b3 c6 23. Red1 Qc7 24. Qc5 Rc8 25. Qe3 Nb7 1/2-1/2

[Event "HEM A-Turnier"]
[Site "Frankfurt-Zeilsheim"]
[Date "2018.??.??"]
[Round "7.8"]
[White "Stock, Juergen"]
[Black "Rutsatz, Mario"]
[Result "0-1"]
[WhiteElo "1927"]
[BlackElo "1997"]
[PlyCount "92"]
[EventDate "2018.??.??"]
[EventType "swiss"]
[EventRounds "7"]
[EventCountry "GER"]
[WhiteTeam "Sfr. Kelkheim"]
[BlackTeam "SF Frankfurt"]

1. d4 Nf6 2. c3 d5 3. e3 c6 4. Bd3 g6 5. Nd2 Bg7 6. f4 O-O 7. Qe2 Bg4 8. Ngf3
Qc8 9. O-O Bf5 10. Ne5 Bxd3 11. Nxd3 Qg4 12. Rf3 Ne4 13. Nf2 Nxf2 14. Qxf2 Qf5
15. Nf1 e6 16. Qe2 Nd7 17. Rh3 Nf6 18. Ng3 Qg4 19. Qe1 c5 20. Bd2 c4 21. Rd1 a5
22. Bc1 b5 23. a3 Rfb8 24. Nh1 Ne4 25. Rh4 Qf5 26. g4 Qf6 27. Rh3 Bf8 28. Ng3
Nxg3 29. hxg3 b4 30. axb4 axb4 31. e4 Qg7 32. f5 bxc3 33. bxc3 exf5 34. Bh6 Qf6
35. e5 Qe6 36. Bxf8 fxg4 37. Rh2 Rxf8 38. Qe3 f6 39. Qh6 Rf7 40. Re1 fxe5 41.
Rxe5 Qf6 42. Re1 Raf8 43. Rhe2 Qd6 44. Re5 Rf3 45. Kh1 Qf6 46. Qc1 Rxg3 0-1

[Event "HEM A-Turnier"]
[Site "Frankfurt-Zeilsheim"]
[Date "2018.??.??"]
[Round "7.9"]
[White "Bakiev, Diyor"]
[Black "Scallan, Fiachra"]
[Result "1-0"]
[WhiteElo "1752"]
[BlackElo "1949"]
[PlyCount "73"]
[EventDate "2018.??.??"]
[EventType "swiss"]
[EventRounds "7"]
[EventCountry "GER"]
[WhiteTeam "SV Ffm-Griesheim"]

1. e4 e6 2. d4 d5 3. e5 c5 4. c3 Nc6 5. Nf3 Bd7 6. Bd3 cxd4 7. cxd4 Qb6 8. O-O
Nxd4 9. Nxd4 Qxd4 10. Nc3 a6 11. Re1 Qb6 12. Bd2 Ne7 13. Rb1 Nc6 14. a3 Bc5 15.
Qf3 Bd4 16. Qg3 O-O-O 17. b4 Qc7 18. b5 Bxe5 19. Rxe5 Nxe5 20. bxa6 b6 21. Bf4
f6 22. Rc1 g5 23. Nb5 Bxb5 24. Rxc7+ Kxc7 25. Bxe5+ fxe5 26. Bxb5 Kd6 27. Qc3
Rc8 28. Qb4+ Rc5 29. h3 Rf8 30. a4 Kc7 31. a5 Rf4 32. axb6+ Kxb6 33. Bc4+ Kc7
34. Qb7+ Kd6 35. a7 Rf8 36. Qb8+ Ke7 37. Qxf8+ 1-0

[Event "HEM A-Turnier"]
[Site "Frankfurt-Zeilsheim"]
[Date "2018.??.??"]
[Round "7.10"]
[White "Bajorski, Leszek"]
[Black "Leimeister, Erhard"]
[Result "0-1"]
[WhiteElo "1970"]
[BlackElo "2214"]
[PlyCount "48"]
[EventDate "2018.??.??"]
[EventType "swiss"]
[EventRounds "7"]
[EventCountry "GER"]
[WhiteTeam "SV Hofheim"]
[BlackTeam "SC Eschborn"]

1. e4 c5 2. Nf3 Nc6 3. d4 cxd4 4. Nxd4 g6 5. Be2 Nf6 6. Nc3 Bg7 7. Nb3 O-O 8.
O-O a5 9. a4 Nb4 10. e5 Ne8 11. f4 Qb6+ 12. Kh1 d6 13. exd6 Nxd6 14. Nd5 Nxd5
15. Qxd5 Bf5 16. Bd3 Rfd8 17. Bxf5 Nxf5 18. Qc5 Qxc5 19. Nxc5 Rdc8 20. Nd3 Rxc2
21. Rb1 Rd8 22. Ne1 Rd1 23. g4 Nh4 24. Nxc2 Rxf1# 0-1

[Event "HEM A-Turnier"]
[Site "Frankfurt-Zeilsheim"]
[Date "2018.??.??"]
[Round "7.11"]
[White "Kuhn, Luis"]
[Black "Calvi, Stefan"]
[Result "1-0"]
[WhiteElo "1974"]
[BlackElo "2050"]
[PlyCount "137"]
[EventDate "2018.??.??"]
[EventType "swiss"]
[EventRounds "7"]
[EventCountry "GER"]
[WhiteTeam "SC Flörsheim"]
[BlackTeam "SF Frankfurt"]

1. e4 c5 2. Nf3 Nc6 3. d4 cxd4 4. Nxd4 Nf6 5. Nc3 e5 6. Ndb5 d6 7. Bg5 a6 8.
Na3 b5 9. Bxf6 gxf6 10. Nd5 Bg7 11. Bd3 Ne7 12. Nxe7 Qxe7 13. O-O f5 14. c4 b4
15. Qa4+ Bd7 16. Qxb4 O-O 17. Rad1 Rab8 18. Qd2 Bc6 19. Rfe1 Qb7 20. exf5 Qxb2
21. Qxb2 Rxb2 22. Bb1 Rd8 23. f3 Bf6 24. Kf1 d5 25. cxd5 Bxd5 26. Re2 Rxe2 27.
Kxe2 Be7 28. Nc2 Bc4+ 29. Ke1 Rb8 30. Ne3 Bb4+ 31. Kf2 Bc5 32. Bd3 Rb2+ 33. Kg3
Bxd3 34. Rxd3 Rxa2 35. f6 h6 36. Ng4 e4 37. Rd8+ Kh7 38. fxe4 h5 39. Rd5 hxg4
40. Rxc5 Kg6 41. Rf5 a5 42. Rf4 a4 43. e5 a3 44. e6 Re2 45. Rxg4+ Kxf6 46. exf7
Kxf7 47. Ra4 a2 48. Ra6 Ke7 49. h4 Kd7 50. Kf3 Rc2 51. h5 Kc7 52. g4 Kb7 53.
Ra4 Kb6 54. h6 Rc3+ 55. Kg2 Rc4 56. Rxa2 Rxg4+ 57. Kh1 Rg8 58. Rg2 Rh8 59. Rg6+
Kc7 60. Kh2 Kd7 61. Kh3 Ke7 62. Kh4 Kf7 63. Rg7+ Kf6 64. Kh5 Ra8 65. Rg6+ Kf7
66. h7 Ra5+ 67. Kh6 Ra1 68. Rf6+ Ke7 69. Kg7 1-0

[Event "HEM A-Turnier"]
[Site "Frankfurt-Zeilsheim"]
[Date "2018.??.??"]
[Round "7.12"]
[White "Kuhn, Gerhard"]
[Black "Dios, Erwin Michael"]
[Result "1/2-1/2"]
[WhiteElo "1982"]
[BlackElo "2020"]
[PlyCount "52"]
[EventDate "2018.??.??"]
[EventType "swiss"]
[EventRounds "7"]
[EventCountry "GER"]
[WhiteTeam "SK Marburg"]
[BlackTeam "SK Gießen"]

1. e4 g6 2. d4 Bg7 3. Nc3 c5 4. Nf3 cxd4 5. Nxd4 Nc6 6. Be3 Nf6 7. Be2 O-O 8.
O-O d5 9. exd5 Nb4 10. Bf3 Nfxd5 11. Nxd5 Nxd5 12. c3 Nxe3 13. fxe3 e5 14. Nb3
Qb6 15. Qe2 Be6 16. Rfd1 Rfd8 17. c4 Bh6 18. Kf2 a5 19. Rac1 a4 20. Na1 Rac8
21. b3 axb3 22. Rxd8+ Rxd8 23. Nxb3 Qb4 24. Qe1 Qa3 25. Qe2 Rd7 26. Rc2 Bf8
1/2-1/2

[Event "HEM A-Turnier"]
[Site "Frankfurt-Zeilsheim"]
[Date "2018.??.??"]
[Round "7.13"]
[White "Sever, Mustafa Batuhan"]
[Black "Romero Flores, Antonio Cesar Feli"]
[Result "1-0"]
[WhiteElo "1960"]
[BlackElo "1964"]
[PlyCount "87"]
[EventDate "2018.??.??"]
[EventType "swiss"]
[EventRounds "7"]
[EventCountry "GER"]
[WhiteTeam "SV Großauheim"]
[BlackTeam "VSG Offenbach"]

1. e4 c5 2. Nf3 Nc6 3. d4 cxd4 4. Nxd4 g6 5. Nc3 Bg7 6. Nde2 Nf6 7. g3 O-O 8.
Bg2 a5 9. a4 Nb4 10. Nd5 Nfxd5 11. exd5 d6 12. c3 Na6 13. Nd4 Bd7 14. O-O Nc5
15. Ra3 Re8 16. Re1 Qb6 17. b3 Rac8 18. Be3 Qc7 19. c4 Qb8 20. h3 Na6 21. Ne2
Nb4 22. Bd4 e5 23. dxe6 Rxe6 24. Bxg7 Kxg7 25. Nf4 Rxe1+ 26. Qxe1 Bc6 27. Ra1
Kg8 28. Rd1 Rd8 29. h4 h5 30. Bxc6 bxc6 31. Qe7 d5 32. Qg5 Kh7 33. Qe7 Kg8 34.
Qg5 Kh7 35. g4 Rg8 36. Re1 Qd8 37. Re7 Rg7 38. Ne6 Qxe7 39. Qxe7 fxe6 40. Qc5
e5 41. Qxa5 Rb7 42. Qa8 Rd7 43. Qc8 Re7 44. Qb8 1-0